| 000 | 00660nam a2200193Ia 4500 | ||
|---|---|---|---|
| 003 | GCL | ||
| 008 | 140319s9999 xx 000 0 ara d | ||
| 020 | _a6406939960 | ||
| 040 |
_aGCL / _cGCL |
||
| 082 | 0 | 4 |
_a953.121 _bهـ ص |
| 100 | 1 | _aمحمد ابراهيم على | |
| 245 | 1 | 0 |
_aصفحات من تاريخ مكة المكرمة / _cمحمد ابراهيم على |
| 250 | _aالاولى | ||
| 260 |
_aالرياض : _bمكتبة الملك فهد الوطنية ، _c1419 |
||
| 300 |
_a307 ص ؛ _c27 سم |
||
| 650 | 0 | 4 | _aمكة المكرمة - تاريخ |
| 650 | 0 | 4 | _aمكة المكرمة - الاحوال الاجتماعية |
| 942 |
_2ddc _cBK |
||
| 999 |
_c7078 _d7078 |
||